| 000 | 00641cam a2200217 i 4500 | ||
|---|---|---|---|
| 999 |
_c3080 _d3080 |
||
| 003 | OSt | ||
| 005 | 20210811122307.0 | ||
| 008 | 800515s1980 maua b 001 0 eng | ||
| 020 | _a0316171980 | ||
| 040 | _cALUPE UNIVERSITY | ||
| 050 | 0 | 0 |
_aQP514 _b.D35 1980 |
| 100 | 1 | _aDanishefsky, Isidore. | |
| 245 | 1 | 0 |
_aBiochemistry for medical sciences / _cIsidore Danishefsky. |
| 250 | _a1st ed. | ||
| 260 |
_aBoston : _bLittle, Brown, _cc1980. |
||
| 300 |
_axvi, 629 p. : _bill. ; _c25 cm. |
||
| 504 | _aIncludes bibliographies and index. | ||
| 650 | 0 | _aBiochemistry. | |
| 906 |
_a7 _bcbc _corignew _d2 _eopcn _f19 _gy-gencatlg |
||
| 942 |
_2lcc _cBK _nPW |
||